000 01794nam a2200253Ia 4500
999 _c55452
_d55452
001 22534
003 GE_BSU
005 20220920100609.0
008 181216s2013||||ge |||||||||||||| ||geo||
040 _cGE_BSU
041 _ageo
080 _a61 წ-54
100 _aწიკლაური, შორენა
_911642
245 _aვანადიუმის ინტრანაზალური ელექტროფორეზით მკურნალობის ზეგავლენა ალერგიული რინიტის პათოფილიოლოგიურ მექანიზმებზე : დისერტაცია /
_cშორენა წიკლაური; სამეცნიერო ხელმძღვანელი ნ. სააკაშვილი, გ. ბექაია; თბილისის სახელმწიფო სამედიცინო უნივერსიტეტი.
264 _aთბილისი,
_c2013.
300 _a242 გვ. ;
_b23 სმ.
504 _aბიბლ. გვ. 215-230
653 _aვანადიუმის ინტრანაზალური ელექტროფორეზით მკურნალობის ზეგავლენა ალერგიული რინიტის პათოფილიოლოგიურ მექანიზმებზე
653 _aმედიცინა
653 _aდისერტაცია
700 _a სააკაშვილი, ნ.
_eსამეცნიერო ხელმძღვანელი
_911643
700 _aბექაია, გ.
_eსამეცნიერო ხელმძღვანელი
_911644
942 _cBK
_2udc